| 000 | 00687nam a2200217 a 4500 | ||
|---|---|---|---|
| 999 |
_c11131 _d11131 |
||
| 001 | 11131 | ||
| 003 | BD-JhCC | ||
| 005 | 20191117134007.0 | ||
| 008 | 190601s20072011bg |||| |||| 000 0 ben d | ||
| 020 | _a984700960050 | ||
| 035 | _a(BD-JhCC)11131 | ||
| 040 |
_aBD-JhCC _dBD-JhCC |
||
| 041 | _aben | ||
| 082 |
_a150 _bUDD 2011 |
||
| 100 | _aউদ্দীন, ড. মো: আফসার | ||
| 245 |
_aসাধারণ মনোবিজ্ঞান / _cড. মো: আফসার উদ্দীন |
||
| 260 |
_aঢাকা : _bতাম্রলিপি, _c২০১১ |
||
| 300 |
_a৫৭৫ পৃ. : _c২১ সেমি. |
||
| 650 | _aPsychology | ||
| 942 |
_2ddc _cBK _04 |
||